|
|
|
|
| LEADER |
00000nam0a2200000 4500 |
| 001 |
349793 |
| 005 |
20231102010234.0 |
| 035 |
|
|
|a (RuTPU)RU\TPU\retro\2747
|
| 090 |
|
|
|a 349793
|
| 100 |
|
|
|a 20180903d1965 km y0rusy50 ca
|
| 101 |
0 |
|
|a rus
|
| 102 |
|
|
|a RU
|
| 105 |
|
|
|a y z 000zy
|
| 200 |
1 |
|
|a Организация и управление (опыт США)
|f В. И. Терещенко
|
| 210 |
|
|
|a Москва
|c Экономика
|d 1965
|
| 215 |
|
|
|a 48 с.
|
| 316 |
|
|
|5 63413507: КР-5744
|a На титульном листе дарственная надпись "Дорогому И. Н. Бутакову. [СМцина]. 29. VII. 65 г."
|
| 317 |
|
|
|5 63413507: КР-5744
|a Поступила в НТБ в 1970 г. в составе книжного собрания профессора ТПИ И. Н. Бутакова
|
| 606 |
1 |
|
|a Управленческая деятельность
|2 stltpush
|3 (RuTPU)RU\TPU\subj\67418
|9 83231
|
| 610 |
1 |
|
|a экономика
|
| 610 |
1 |
|
|a управление
|
| 610 |
1 |
|
|a зарубежный опыт
|
| 610 |
1 |
|
|a США
|
| 610 |
1 |
|
|a инженерно-экономические задачи
|
| 610 |
1 |
|
|a труд
|
| 610 |
1 |
|
|a история
|
| 610 |
1 |
|
|a библиотека И. Н. Бутакова
|
| 610 |
1 |
|
|a дарственные надписи
|
| 686 |
|
|
|a У9(2)212
|v LBC/SL-A
|2 rubbk
|
| 700 |
|
1 |
|a Терещенко
|b В. И.
|g Валерий Иванович
|
| 801 |
|
1 |
|a RU
|b 63413507
|c 20180903
|
| 801 |
|
2 |
|a RU
|b 63413507
|c 20181229
|g RCR
|
| 942 |
|
|
|c BK
|